Основы концепции преподавания литературы в техническом университете; Прикладная филология и инженерное образование; Ч. 2

التفاصيل البيبلوغرافية
Parent link:Прикладная филология и инженерное образование: сборник научных трудов IV Международной научно-практической конференции/ Томский политехнический университет; Институт языковой коммуникации; под ред. И. А. Черемисиной.— , 2006
Ч. 2.— 2006.— С. 193-201
المؤلف الرئيسي: Седельникова О. В. Ольга Викторовна
اللغة:الروسية
منشور في: 2006
الموضوعات:
التنسيق: MixedMaterials فصل الكتاب
KOHA link:https://koha.lib.tpu.ru/cgi-bin/koha/opac-detail.pl?biblionumber=123282

MARC

LEADER 00000naa2a2200000 4500
001 123282
005 20231228094825.0
035 |a (RuTPU)RU\TPU\book\133459 
090 |a 123282 
100 |a 20071015d2006 k y0rusy50 ca 
101 0 |a rus 
102 |a RU 
200 1 |a Основы концепции преподавания литературы в техническом университете  |f О. В. Седельникова 
320 |a Библиогр.: 16 назв. 
461 1 |0 (RuTPU)RU\TPU\book\111917  |t Прикладная филология и инженерное образование  |o сборник научных трудов IV Международной научно-практической конференции  |f Томский политехнический университет; Институт языковой коммуникации; под ред. И. А. Черемисиной  |d 2006 
463 0 |0 (RuTPU)RU\TPU\book\111466  |t Ч. 2  |v С. 193-201  |d 2006  |p 344 с. 
610 1 |a литература 
610 1 |a технические вузы 
610 1 |a технические университеты 
610 1 |a технические вузы 
610 1 |a преподавание 
610 1 |a труды учёных ТПУ 
700 1 |a Седельникова  |b О. В.  |c лингвист  |c профессор Томского политехнического университета, доктор филологических наук  |f 1972-  |g Ольга Викторовна  |3 (RuTPU)RU\TPU\pers\24608  |9 10898 
801 1 |a RU  |b 63413507  |c 20071015  |g PSBO 
801 2 |a RU  |b 63413507  |c 20160905  |g RCR 
942 |c BK